000 00760nam a2200253Ia 4500
003 OSt
005 20220923211034.0
006 a|||||r|||| 00| 0
007 ta
008 Pun
020 _a8171431305 (hb)
024 _a231,138
037 _cTextual
040 _aARTS
_cARTS
_bPun
041 _2Pun
_aPun
082 _aO153,INCH4x, N1
100 _aਸੋਂਹਲ, ਚਰਨਜੀਤ
_9156318
245 0 _aਕਾਮਰੇਡ ਦੇ ਆਉਣ ਭੱਕ
260 _aਅੰਮਿਸ਼ਤਸਰ
_b ਰਵਿ ਸਾਹਿਤ ਪਰਕਾFਨ
_c1991
300 _a87ਪੰ
_ccm.
650 _aਪੰਜਾਬੀ ਸਾਹਿਤ
942 _hO153,INCH4x, N1
_cTEXL
_2CC
999 _c294312
_d294312